| 000 | 00740nam a22002057a 4500 | ||
|---|---|---|---|
| 003 | 0 | ||
| 005 | 20251121110434.0 | ||
| 008 | 251121b xxu||||| |||| 00| 0 eng d | ||
| 020 | _a978-0-85707-936-7 | ||
| 050 |
_aPZ 7 _b.R915935 De 2012 |
||
| 100 |
_aRussell, Rachel Renée, _eauthor. |
||
| 245 |
_aDork diaries : _bdear dork / _cRachel Renée Russell. |
||
| 260 |
_aNew York : _bSimon & Schuster, _c2012. |
||
| 300 |
_a321 pages : _billustrations ; _c20 cm. |
||
| 520 | _aNikki Maxwell writes advice for kids at her school while dealing with friendship issues and school drama. | ||
| 650 |
_aDiaries _vJuvenile fiction. |
||
| 650 |
_aMiddle school students _vJuvenile fiction. |
||
| 650 |
_aHumor _vJuvenile fiction. |
||
| 942 |
_2lcc _cBK |
||
| 999 |
_c368681 _d368681 |
||